00900nam a2200205 a 450000100100000000500170001000800410002702000150006804000250008310000360010824500600014426000270020430000170023150000360024871000720028495201080035695201050046495201080056999900170067700004159820201002035647.0131011s1977 sp 000 0 spa d a8400036182 aDO-SdBNPbspacBNPHU1 aOtón Sobrino, Enriquez96837010aLéxico de Valerio Máximo /cEnrique Otón Sobrino. aMadrid :bCSIC,c1977. aV. ;c24 cm. aLa biblioteca posee el v. 1,2,42 aConsejo Superior de Investigación Científicas (España)964047 001050718MOaGRbGRcCTd2013-10-11iLF1l0ov. 2p41598-10r2020-06-25w2020-06-25y1ZNo se presta 001050718MOaGRbGRcCTd2013-10-11iLF1l0o p41598-20r2020-06-25w2020-06-25y1ZNo se presta 001050718MOaGRbGRcCTd2013-10-11iLF1l0ov. 4p41598-30r2020-06-25w2020-06-25y1ZNo se presta c41088d41088